Neutíchajúci smiech

Bibliographic Details
Main Author: Sagan, Françoise, 1935-2004 (Author)
Other Authors: Flašková, Elena, 1952- (Translator)
Format: Article
Language:Slovak
PhysicalDescription:Fot. 3.
Subjects:

MARC

LEADER 00000nab a2200000 a 4500
001 vtls000350053
003 SK-MaSNL
005 20260305042522.0
008 140423c1989 xo 0 slo
015 |a SNBRB19rr/mm-uuuuu 
035 |a CL0350175 
040 |a SNKBUCL  |b slo  |c SNKBUCL  |e AACR2 
041 0 |a slo 
044 |a xo  |c SK 
080 |a 840-3  |2 1981 
100 1 |a Sagan, Françoise,  |d 1935-2004  |4 aut  |9 175397 
245 1 0 |a Neutíchajúci smiech  |c Francoise Saganová, Elena Flašková, Sarah Bernhardt 
300 |b Fot. 3. 
600 1 7 |a Bernhardt, Sarah,  |d 1844-1923  |2 snkbucl  |9 160765 
655 7 |a biografické romány  |2 snkbucl  |9 1532 
655 7 |a články z odboru literárna veda a krásna literatúra  |2 snkbucl  |9 770045 
655 7 |a články z novín a časopisov  |2 snkbucl  |9 267496 
700 1 |a Flašková, Elena,  |d 1952-  |4 trl  |9 8616 
773 0 |t Revue svetovej literatúry  |g Roč. 25, č. 3 (1989), s. 44-60 
850 |a Slovenská národná knižnica v Martine  |a MTA001 
852 |a SNK  |b KIS3GCP 
958 |a RK 
958 |a LX 
999 |c 3349614  |d 3351544